Persian cats

Bibliographic Details
Main Author: Esarde, Edward E
Format: Book
Published: United States : T.F.H , 1988
Subjects:

MARC

LEADER 00000cam a2200000 7i4500
001 0000009503
002 000010355
005 20000330.0
020 |a 0866227407 
090 0 0 |a 636.83   |b ESA 
100 1 |a Esarde, Edward E 
245 1 0 |a Persian cats   |c Edward E.Esarde 
260 |a United States :   |b T.F.H ,   |c 1988 
300 |a 125 p. :   |b ill. ;   |c 21 cm. 
650 0 0 |a Cats   |x Breeding 
999 |a 027810   |b BUKU   |c PINJAMAN   |e PERPUSTAKAAN KOMUNITI PETALING JAYA